[Event "Warsaw YMCA Winter-A 297th"]
[Site "Warsaw"]
[Date "2025.02.06"]
[Round "5"]
[White "Kania, Tomasz"]
[Black "Pasternak Winiarski, Adam"]
[Result "1/2-1/2"]
[WhiteElo "1818"]
[BlackElo "1770"]
[PlyCount "64"]
[EventDate "2025.01.09"]
[EventType "tourn"]
[EventRounds "11"]
[EventCountry "POL"]
[SourceTitle "CB14_2025"]
[SourceDate "2024.11.01"]
[SourceVersion "1"]
[SourceVersionDate "2024.11.01"]
[SourceQuality "1"]

1. d4 Nf6 2. c4 g6 3. g3 Bg7 4. Bg2 0-0 5. Nc3 d6 6. Nf3 c6 7. 0-0 Qa5 8. Bd2 Qa6 9. Qb3 e5 10. Rac1 exd4 11. Nxd4 Nfd7 12. Nf3 Nc5 13. Qb4 Be6 14. Bf4 Qxc4 15. Qxc4 Bxc4 16. Bxd6 Nbd7 17. Bxf8 Rxf8 18. Rfd1 Re8 19. Bf1 Be6 20. Nd4 Nb6 21. Nxe6 Nxe6 22. e3 Nc7 23. Rd2 Ncd5 24. Nxd5 Nxd5 25. Bc4 Nb6 26. Bb3 Bf6 27. Rcd1 Kg7 28. Rc2 h6 29. Kg2 Re5 30. Rcd2 Re8 31. Re2 a5 32. a4 Re4 1/2-1/2

[Event "Warsaw YMCA Summer-A 290th"]
[Site "Warsaw"]
[Date "2024.07.26"]
[Round "6"]
[White "Kania, Tomasz"]
[Black "Flis, Piotr"]
[Result "0-1"]
[WhiteElo "1835"]
[BlackElo "1969"]
[PlyCount "98"]
[EventDate "2024.07.03"]
[EventType "tourn"]
[EventRounds "10"]
[EventCountry "POL"]
[SourceTitle "EXT 2025"]
[Source "ChessBase"]
[SourceDate "2024.10.14"]
[SourceVersion "1"]
[SourceVersionDate "2024.10.14"]
[SourceQuality "1"]

1. Nf3 Nf6 2. g3 d5 3. Bg2 c6 4. 0-0 Bf5 5. c4 e6 6. Qb3 Qb6 7. d3 h6 8. Be3 Qa6 9. Nc3 Nbd7 10. cxd5 exd5 11. a4 Bd6 12. Rfc1 0-0 13. a5 Ng4 14. Bd2 Rfe8 15. h3 Ngf6 16. Bf1 Nc5 17. Qd1 b5 18. Na2 Qc8 19. Kh2 Ne6 20. Nc3 Qd7 21. d4 Ng5 22. Nxg5 hxg5 23. Bxg5 b4 24. Na4 Ne4 25. Bf4 Bxf4 26. gxf4 Nxf2 27. Qb3 Nxh3 28. Qg3 Qd6 29. e3 Re6 30. Bxh3 Bxh3 31. Rg1 Rg6 32. Qxh3 Rh6 33. Rg3 Rxh3+ 34. Rxh3 Qg6 35. Rh1 Re8 36. Nc5 Qc2+ 37. Kg1 Qd1+ 38. Kf2 Qd2+ 39. Kf1 f6 40. R1h2 Qc1+ 41. Kf2 Qxb2+ 42. Kf3 Qa1 43. Rh8+ Kf7 44. Rxe8 Kxe8 45. Rh8+ Kf7 46. a6 b3 47. Rb8 b2 48. Rb7+ Kg6 49. f5+ Kxf5 0-1

[Event "Warsaw YMCA Summer-A 290th"]
[Site "Warsaw"]
[Date "2024.07.17"]
[Round "3"]
[White "Kania, Tomasz"]
[Black "Sternik, Piotr"]
[Result "1/2-1/2"]
[WhiteElo "1835"]
[BlackElo "1873"]
[PlyCount "43"]
[EventDate "2024.07.03"]
[EventType "tourn"]
[EventRounds "10"]
[EventCountry "POL"]
[SourceTitle "EXT 2025"]
[Source "ChessBase"]
[SourceDate "2024.10.14"]
[SourceVersion "1"]
[SourceVersionDate "2024.10.14"]
[SourceQuality "1"]

1. e4 c6 2. d4 d5 3. e5 Bf5 4. Nf3 e6 5. Be2 Nd7 6. 0-0 Ne7 7. Nbd2 Bg6 8. Nh4 Nf5 9. Nxg6 hxg6 10. Nf3 Be7 11. a4 c5 12. c4 Nb6 13. a5 Nxc4 14. Qa4+ Kf8 15. b3 Nxd4 16. Nxd4 Nxe5 17. Nf3 Nxf3+ 18. Bxf3 Rh4 19. Qb5 Qc7 20. g3 Rb4 21. Qd3 a6 22. Rd1 1/2-1/2

[Event "Warsaw YMCA Spring-B 287th"]
[Site "Warsaw"]
[Date "2024.04.25"]
[Round "3"]
[White "Kacprzak, Karol"]
[Black "Kania, Tomasz"]
[Result "1/2-1/2"]
[WhiteElo "1810"]
[BlackElo "1833"]
[PlyCount "36"]
[EventDate "2024.04.11"]
[EventType "tourn"]
[EventRounds "11"]
[EventCountry "POL"]
[SourceTitle "EXT 2025"]
[Source "ChessBase"]
[SourceDate "2024.10.14"]
[SourceVersion "1"]
[SourceVersionDate "2024.10.14"]
[SourceQuality "1"]

1. c4 Nf6 2. Nc3 e6 3. e4 d5 4. e5 d4 5. exf6 dxc3 6. fxg7 cxd2+ 7. Qxd2 Qxd2+ 8. Bxd2 Bxg7 9. 0-0-0 Nd7 10. Nf3 b6 11. Bd3 Nc5 12. Bc2 Bb7 13. Be3 Rd8 14. Rxd8+ Kxd8 15. Ng5 Ke7 16. Rd1 h6 17. Nf3 Ne4 18. Ba4 Rd8 1/2-1/2

[Event "Warsaw YMCA Autumn-A 278th"]
[Site "Warsaw"]
[Date "2023.10.20"]
[Round "5"]
[White "Sternik, Piotr"]
[Black "Kania, Tomasz"]
[Result "1-0"]
[WhiteElo "1829"]
[BlackElo "1703"]
[PlyCount "53"]
[EventDate "2023.09.22"]
[EventType "tourn"]
[EventRounds "13"]
[EventCountry "POL"]
[SourceTitle "EXT 2025"]
[Source "ChessBase"]
[SourceDate "2024.10.14"]
[SourceVersion "1"]
[SourceVersionDate "2024.10.14"]
[SourceQuality "1"]

1. d4 Nf6 2. Bg5 d5 3. Bxf6 exf6 4. e3 Bd6 5. Bd3 0-0 6. h3 f5 7. Nf3 f4 8. 0-0 fxe3 9. fxe3 Nd7 10. Nc3 Nf6 11. e4 dxe4 12. Nxe4 Nxe4 13. Bxe4 c6 14. c3 f5 15. Bd3 Qf6 16. Re1 Bg3 17. Qb3+ Kh8 18. Re2 g5 19. Rf1 g4 20. hxg4 f4 21. g5 Qg7 22. Qb4 Bg4 23. Re7 Rf7 24. Rxf7 Qxf7 25. Ne5 Qh5 26. Nxg4 Qxg4 27. Qe7 1-0

[Event "Warsaw YMCA Autumn-A 278th"]
[Site "Warsaw"]
[Date "2023.10.06"]
[Round "3"]
[White "Makowski, Tomasz"]
[Black "Kania, Tomasz"]
[Result "1/2-1/2"]
[WhiteElo "1775"]
[BlackElo "1703"]
[PlyCount "42"]
[EventDate "2023.09.22"]
[EventType "tourn"]
[EventRounds "13"]
[EventCountry "POL"]
[SourceTitle "EXT 2025"]
[Source "ChessBase"]
[SourceDate "2024.10.14"]
[SourceVersion "1"]
[SourceVersionDate "2024.10.14"]
[SourceQuality "1"]

1. d4 Nf6 2. Nf3 e6 3. e3 b6 4. Bd3 Bb7 5. Nbd2 c5 6. c3 d5 7. 0-0 Bd6 8. Qe2 Nbd7 9. e4 dxe4 10. Nxe4 Nxe4 11. Bxe4 Bxe4 12. Qxe4 0-0 13. Rd1 Nf6 14. Qh4 Qc7 15. dxc5 bxc5 16. c4 Rfd8 17. Bg5 Be7 18. Qf4 Qb6 19. Qe5 h6 20. Bh4 Ng4 21. Qe2 Bxh4 1/2-1/2

[Event "Warsaw YMCA Autumn-A 278th"]
[Site "Warsaw"]
[Date "2023.09.22"]
[Round "1"]
[White "Kaniak, Monika"]
[Black "Kania, Tomasz"]
[Result "1-0"]
[WhiteElo "1796"]
[BlackElo "1703"]
[PlyCount "73"]
[EventDate "2023.09.22"]
[EventType "tourn"]
[EventRounds "13"]
[EventCountry "POL"]
[SourceTitle "EXT 2025"]
[Source "ChessBase"]
[SourceDate "2024.10.14"]
[SourceVersion "1"]
[SourceVersionDate "2024.10.14"]
[SourceQuality "1"]

1. d4 Nf6 2. Nf3 e6 3. c4 b6 4. Nc3 Bb7 5. Bg5 h6 6. Bh4 Bb4 7. e3 0-0 8. Bd3 d6 9. 0-0 Bxc3 10. bxc3 Nbd7 11. Nd2 c5 12. f4 d5 13. Rc1 Qc8 14. cxd5 exd5 15. Nf3 Ne4 16. Bxe4 dxe4 17. Ne5 Nxe5 18. fxe5 Qe6 19. Rc2 Ba6 20. Rf4 cxd4 21. cxd4 Rac8 22. Rcf2 Qc4 23. h3 Qc1 24. Qxc1 Rxc1+ 25. Kh2 g5 26. Rg4 Bc8 27. Rxe4 gxh4 28. Rxh4 Rc6 29. Rhf4 b5 30. e4 Rc4 31. d5 Bb7 32. e6 Bxd5 33. Rg4+ Kh7 34. exd5 Rxg4 35. hxg4 Kg7 36. e7 Re8 37. d6 1-0